000 00771nam a2200265Ia 4500
003 OSt
005 20221005050035.0
006 a|||||r|||| 00| 0
007 ta
008 221004b |||||||| |||| 00| 0 ben d
020 _a8176120995 (hbk)
_c50
024 _a4279
037 _b786, 19/03/2013, Bright Book Service
_cTextual
040 _aCRL
_cCRL
_bben
041 _2ben
_aben
082 _aU8.23145, 157P5
100 _aMoharaj Soncu
245 0 _aGajamoti goa
260 _aKolkata
_bSudhangshu Sekhar Dey Dey's Publishing India
_c2005
300 _a109p.
_ccm.
650 _a GEOGRAPHY
650 _aGEOGRAPHY
942 _hU8.23145, 157P5
_cTEXL
_2cc
999 _c956185
_d956185